000 01589nam#a2200277 4500
001 9786075263052
003 VST
005 20240429194640.0
006 m o d
007 cr#un#---uucau
008 161101s2016 MEX d
020 _a9786075263052
040 _aVST
_cVST
_dVST
100 1 _aLerma, Alejandro
_eauthor
245 1 0 _aDesarrollo De Nuevos Productos, 5th Edition
250 _afifth edition
260 _aMexico :
264 1 _aMexico :
_bCengage Learning Editores,
_c2016
300 _a1 online resource
336 _atext
_btxt
_2rdacontent
337 _acomputer
_bc
_2rdamedia
520 _aDesarrollo de productos. Una visión integral, quinta edición, le ofrece al lector un enfoque pragmático y estratégico de la metodología, aplicable al desarrollo y actualización de productos, de una forma amigable y sencilla que facilita el aprendizaje teórico y operativo de su contenido; es útil tanto para el ámbito de la educación y el empresarial. Una de las características principales es que se adopta un enfoque integral, el cual da respuesta a los principales cuestionamientos con respecto al desarrollo de nuevos productos, provenientes tanto del área comercial como de la de operaciones. Su contenido está relacionado con carreras como Administración, Mercadotecnia, Ingeniería Industrial y otras especialidades interesadas en el tema.
650 4 _aBusiness & Economics/Marketing/General
856 4 0 _uhttps://bc.vitalsource.com/tenants/universidad_insurgentes/libraries?bookmeta_vbid=9786075263052
942 _cRAA
999 _c174110
_d174110